000 00380pab a2200157 454500
008 180718b2011 xxu||||| |||| 00| 0 eng d
100 _aLuxmi
245 _aImpact of work values on organisational commitment
260 _c2011
300 _ap.1-21.
650 _aSocial values
700 _aYadav, Vibhuti
773 _aManagement and Change
908 _aN
909 _a97580
999 _c97579
_d97579